Phigros所有章节名 - Statistics

General Stats
  • This quiz has been taken 5 times
  • The average score is 21 of 30
Answer Stats
类型 章节名 % Correct
单曲 单曲
100%
主线 过去的章节
100%
支线一 忘忧宫
100%
外传 极星卫
100%
精选集 CHUNITHM
100%
精选集 KALPA
100%
精选集 Muse Dash
100%
主线五 霓虹灯牌
75%
主线六 方舟蜃景
75%
主线七 时钟链接
75%
主线八 凌日潮汐
75%
支线二 弭刻日
75%
支线三 盗乐行
75%
支线四 无相乡
75%
精选集 オゲンキ
75%
精选集 EGTS
75%
精选集 GOOD
75%
精选集 HyuN
75%
精选集 Lanota
75%
精选集 Rising Sun Traxx
75%
精选集 WAVEAT
75%
精选集 姜米條
50%
精选集 Immaculée Sekai
50%
精选集 OverRapid
50%
精选集 SHINOBI SLASH
50%
精选集 TAKUMI³
50%
精选集 节奏大师
25%
精选集 茶鸣拾贰律
25%
精选集 Paradigm:Reboot
25%
精选集 Rotaeno
25%
No matching quizzes found
Score Distribution
Percent of People with Each Score
Percentile by Number Answered
Your Score History
You have not taken this quiz